[Event "2nd 4NCL Spring Bank Holiday Congress"]
[Site "Basingstoke"]
[Date "2019.05.27"]
[Round "6.5"]
[White "Xu, Edison"]
[Black "Nwachukwu, Chino"]
[Result "1-0"]
[WhiteElo "1764"]
[BlackElo "1865"]
[PlyCount "57"]
[EventDate "2019.05.24"]

1. e4 c5 2. d4 cxd4 3. c3 Nf6 4. e5 Nd5 5. Nf3 g6 6. cxd4 Bg7 7. Nc3 Nxc3 8.
bxc3 O-O 9. Bd3 d6 10. exd6 Qxd6 11. O-O Nc6 12. Re1 Bg4 13. h3 Bxf3 14. Qxf3
Rac8 15. a4 e5 16. Ba3 Qd7 17. Bxf8 Kxf8 18. Bb5 exd4 19. cxd4 Qxd4 20. Rad1
Qb6 21. Bxc6 bxc6 22. Rd7 f5 23. Ree7 Qb1+ 24. Kh2 Bf6 25. Rf7+ Ke8 26. Rxa7
Qb8+ 27. g3 Qe5 28. Rxh7 Qe6 29. Rhc7 1-0

[Event "2nd 4NCL Spring Bank Holiday Congress"]
[Site "Basingstoke"]
[Date "2019.05.27"]
[Round "6.6"]
[White "Brixel, Christof"]
[Black "Ratnesan, Radha"]
[Result "1-0"]
[WhiteElo "1781"]
[BlackElo "1512"]
[PlyCount "49"]
[EventDate "2019.05.24"]

1. d4 Nf6 2. Nc3 d5 3. Bf4 e6 4. Nb5 Na6 5. e3 c5 6. Nf3 Bd7 7. Nd6+ Bxd6 8.
Bxd6 c4 9. Be2 Ne4 10. Ba3 b5 11. c3 Qa5 12. Qc1 Rb8 13. O-O b4 14. cxb4 Nxb4
15. Ne1 Ba4 16. f3 Nf6 17. b3 cxb3 18. axb3 Bxb3 19. Bxb4 Qxb4 20. Qc6+ Nd7 21.
Rxa7 Qe7 22. Bb5 Rxb5 23. Ra8+ Qd8 24. Rxd8+ Kxd8 25. Qxb5 1-0

[Event "2nd 4NCL Spring Bank Holiday Congress"]
[Site "Basingstoke"]
[Date "2019.05.27"]
[Round "6.7"]
[White "Cast, Julian"]
[Black "Nandi, Robin J"]
[Result "1-0"]
[WhiteElo "1883"]
[BlackElo "1934"]
[PlyCount "105"]
[EventDate "2019.05.24"]

1. e4 e5 2. Nf3 Nc6 3. Nc3 Nf6 4. d4 exd4 5. Nxd4 Bb4 6. Nxc6 bxc6 7. Bd3 O-O
8. O-O d5 9. exd5 cxd5 10. Bg5 c6 11. Qf3 Qd6 12. Bxf6 Qxf6 13. Qxf6 gxf6 14.
Ne2 Bd6 15. Ng3 Rb8 16. b3 Bd7 17. Bf5 Be6 18. Bd3 c5 19. Rad1 Be5 20. f4 Bd4+
21. Kh1 Rfe8 22. Nf5 Bb2 23. Ne3 d4 24. Nf5 Bxf5 25. Bxf5 Bc3 26. Rf3 Re7 27.
Rg3+ Kh8 28. Rh3 Rbe8 29. Rxh7+ Kg8 30. g3 Re2 31. Bd3 Re1+ 32. Rxe1 Rxe1+ 33.
Kg2 Ra1 34. Rh5 Bb4 35. a4 a5 36. Kf3 Re1 37. Rd5 Re7 38. Kg4 Kg7 39. h4 Rc7
40. Bb5 Be1 41. Rd7 Rxd7 42. Bxd7 Kh7 43. Kh3 Bd2 44. h5 Kg7 45. Kg4 Be1 46.
Kf3 Bd2 47. Ke4 Be1 48. g4 Bg3 49. Kf5 Bh4 50. Bb5 Kh7 51. Bc4 Kg7 52. g5 fxg5
53. fxg5 1-0

[Event "2nd 4NCL Spring Bank Holiday Congress"]
[Site "Basingstoke"]
[Date "2019.05.27"]
[Round "6.8"]
[White "Pink, Joshua"]
[Black "Sommer, Martin C"]
[Result "1-0"]
[WhiteElo "1928"]
[BlackElo "1985"]
[PlyCount "81"]
[EventDate "2019.05.24"]

1. c3 e6 2. Nf3 d5 3. d4 Nf6 4. e3 b6 5. Bd3 Bb7 6. O-O Nbd7 7. Re1 Bd6 8. Nbd2
Ne4 9. c4 f5 10. a3 a5 11. b3 O-O 12. Bb2 Qe7 13. Ne5 Nxd2 14. Qxd2 Bxe5 15.
dxe5 Nc5 16. Bc2 dxc4 17. bxc4 Qg5 18. f4 Qg4 19. Bd4 Rfd8 20. Qe2 Qxe2 21.
Rxe2 Ba6 22. Bxc5 Bxc4 23. Ree1 bxc5 24. Rac1 Bd5 25. e4 fxe4 26. Bxe4 c4 27.
Bb1 Rab8 28. Red1 Rf8 29. g3 Rb2 30. Bc2 Rfb8 31. Kf1 Ra2 32. f5 Rbb2 33. fxe6
Bxe6 34. Be4 Rxh2 35. Rb1 Rhf2+ 36. Kg1 Rfb2 37. Rd8+ Kf7 38. Rf1+ Ke7 39. Ra8
Rxa3 40. Bc6 Rb6 41. Re8# 1-0

[Event "2nd 4NCL Spring Bank Holiday Congress"]
[Site "Basingstoke"]
[Date "2019.05.27"]
[Round "6.9"]
[White "Angheluta, Ovidiu"]
[Black "Pafura, P Godfrey"]
[Result "0-1"]
[WhiteElo "1891"]
[BlackElo "1968"]
[PlyCount "80"]
[EventDate "2019.05.24"]

1. e4 c6 2. c4 d6 3. Nc3 Nf6 4. g3 Nbd7 5. Bg2 e5 6. Nge2 Be7 7. O-O O-O 8. Rb1
Ne8 9. f4 exf4 10. gxf4 f5 11. d3 Ndf6 12. Kh1 Ng4 13. h3 Nh6 14. Be3 Bf6 15.
d4 fxe4 16. Nxe4 Nf5 17. Qd2 Bh4 18. b3 Qe7 19. d5 Kh8 20. Bg1 Nf6 21. Nxf6
Rxf6 22. Bf2 Rg6 23. Kh2 Bd7 24. Rbe1 Bxf2 25. Rxf2 Qh4 26. Ng1 Nh6 27. Rf3 Rf8
28. Re2 Bg4 29. Ref2 Bxf3 30. Rxf3 c5 31. Ne2 Rgf6 32. Kg1 Nf5 33. Kh2 Re8 34.
Bf1 Qh5 35. Rf2 Ne3 36. Bg2 Ng4+ 37. Kg3 Nxf2 38. Kxf2 Qh4+ 39. Kg1 Rg6 40. Kh2
Qf2 0-1

[Event "2nd 4NCL Spring Bank Holiday Congress"]
[Site "Basingstoke"]
[Date "2019.05.27"]
[Round "6.10"]
[White "Krueger, Norbert"]
[Black "Mellor, Jessica"]
[Result "1-0"]
[WhiteElo "1983"]
[BlackElo "1597"]
[PlyCount "63"]
[EventDate "2019.05.24"]

1. e4 e5 2. Nc3 Nf6 3. Bc4 Nxe4 4. Qh5 Nd6 5. Bb3 g6 6. Qxe5+ Qe7 7. Qxe7+ Bxe7
8. d4 Nf5 9. Nf3 O-O 10. Bf4 d6 11. O-O-O Bd7 12. Rhe1 Re8 13. Ng5 Bxg5 14.
Rxe8+ Bxe8 15. Bxg5 a6 16. Nd5 Nc6 17. Nxc7 Rc8 18. Nxe8 Rxe8 19. c3 Re2 20.
Rd2 Re1+ 21. Kc2 h6 22. Bf6 Ng7 23. f3 g5 24. h4 gxh4 25. Bxh4 Re8 26. Kd3 Nf5
27. Bf2 Kg7 28. Re2 Rxe2 29. Kxe2 Kf6 30. g4 Nfe7 31. Bh4+ Kg6 32. d5 1-0

[Event "2nd 4NCL Spring Bank Holiday Congress"]
[Site "Basingstoke"]
[Date "2019.05.27"]
[Round "6.11"]
[White "Verma, Shlok"]
[Black "Cooper, Malcolm H"]
[Result "0-1"]
[WhiteElo "1702"]
[BlackElo "1925"]
[PlyCount "118"]
[EventDate "2019.05.24"]

1. d4 Nf6 2. c4 g6 3. Nc3 Bg7 4. e4 d6 5. Nge2 O-O 6. Ng3 c5 7. d5 Na6 8. Be2
Nc7 9. O-O Bd7 10. f4 a6 11. a4 b5 12. axb5 axb5 13. Rxa8 Qxa8 14. e5 Nfe8 15.
Bf3 bxc4 16. h4 h5 17. Re1 Qc8 18. Qe2 Bh6 19. Qc2 Ng7 20. Be4 Nf5 21. Nxf5
Bxf5 22. Bxf5 Qxf5 23. Qxf5 gxf5 24. Kf2 Re8 25. g3 Bg7 26. exd6 exd6 27. Rxe8+
Nxe8 28. Nb5 Kf8 29. Ke3 Ke7 30. Kd2 Kd7 31. Na3 Nf6 32. Nxc4 Ne4+ 33. Kd3 Nxg3
34. Nd2 Bf6 35. Nf3 Ne4 36. Ng5 Ke7 37. Nxe4 fxe4+ 38. Kxe4 Bxh4 39. Kf5 Bf2
40. Bd2 h4 41. Kg4 Kf6 42. Bc3+ Bd4 43. Kxh4 Kf5 44. Kg3 Ke4 45. Kg4 Kxd5 46.
Kg5 f6+ 47. Kg6 Ke6 48. f5+ Ke5 49. Be1 Bxb2 50. Bh4 Kd5 51. Bxf6 Bxf6 52. Kxf6
c4 53. Ke7 c3 54. f6 c2 55. f7 c1=Q 56. f8=Q Qc7+ 57. Kf6 Qc3+ 58. Ke7 Qe3+ 59.
Kd7 Qa7+ 0-1

[Event "2nd 4NCL Spring Bank Holiday Congress"]
[Site "Basingstoke"]
[Date "2019.05.27"]
[Round "6.12"]
[White "Hirst, Joe"]
[Black "Hymer, Barry J"]
[Result "0-1"]
[WhiteElo "1564"]
[BlackElo "1884"]
[PlyCount "84"]
[EventDate "2019.05.24"]

1. e4 d6 2. d4 g6 3. Nc3 Bg7 4. f4 e6 5. Nf3 a6 6. a4 b6 7. Be3 Ne7 8. Qd2 Bb7
9. Be2 Nd7 10. O-O Nf6 11. e5 Ng4 12. Bd3 Nxe3 13. Qxe3 O-O 14. Ne2 Nf5 15.
Bxf5 exf5 16. exd6 Qxd6 17. c3 Rfe8 18. Qd2 c5 19. Rad1 Rad8 20. Rf2 Bf6 21.
dxc5 Qxc5 22. Ned4 h6 23. Qc1 Bxf3 24. Rxf3 Bxd4+ 25. cxd4 Rxd4 26. Kh1 Qxc1
27. Rxc1 Rxa4 28. g3 Re2 29. Rb3 b5 30. h4 Rd4 31. Kg1 Rdd2 32. Rb1 Kf8 33. Kf1
Rf2+ 34. Kg1 Ke7 35. Re1+ Kd7 36. Rd1 Kc6 37. Rc3+ Kb6 38. b3 Rg2+ 39. Kf1 Rxg3
40. Rxg3 Rxd1+ 41. Kg2 Rd2+ 42. Kf1 Rh2 0-1

[Event "2nd 4NCL Spring Bank Holiday Congress"]
[Site "Basingstoke"]
[Date "2019.05.27"]
[Round "6.13"]
[White "Hammond, Benjamin"]
[Black "Davis, Timothy J"]
[Result "1/2-1/2"]
[WhiteElo "1575"]
[BlackElo "1822"]
[PlyCount "82"]
[EventDate "2019.05.24"]

1. e4 c6 2. d4 d5 3. exd5 cxd5 4. Bd3 Nc6 5. c3 g6 6. Bf4 f6 7. Nf3 Nh6 8. O-O
Nf7 9. Re1 Bg7 10. Nbd2 O-O 11. Bc2 e5 12. dxe5 fxe5 13. Bg3 e4 14. Nxe4 dxe4
15. Bxe4 Re8 16. Qb3 Qb6 17. Bd5 Rxe1+ 18. Rxe1 Qxb3 19. Re8+ Bf8 20. Bxb3 Kg7
21. Nd4 Nxd4 22. cxd4 Bd6 23. Be6 Bxg3 24. hxg3 Nd6 25. Rd8 Kf6 26. Rxd6 Ke7
27. Bxc8 Kxd6 28. Bxb7 Rb8 29. Ba6 Rxb2 30. Bc4 Rb4 31. Bb3 Rxd4 32. f3 a5 33.
g4 g5 34. Kf2 Rd2+ 35. Kg3 Kc5 36. Kh3 Kb4 37. g3 Rd3 38. Bc2 Rxf3 39. Bxh7 Rf2
40. a4 Kxa4 41. Bc2+ Rxc2 1/2-1/2

[Event "2nd 4NCL Spring Bank Holiday Congress"]
[Site "Basingstoke"]
[Date "2019.05.27"]
[Round "6.14"]
[White "Zheng, Harry Z"]
[Black "Mcdonnell, James J"]
[Result "1/2-1/2"]
[WhiteElo "1556"]
[BlackElo "1815"]
[PlyCount "92"]
[EventDate "2019.05.24"]

1. e4 c5 2. Nf3 Nc6 3. d4 cxd4 4. Nxd4 Nf6 5. Nc3 d6 6. f3 e5 7. Nb3 Be6 8. Be3
Be7 9. Be2 O-O 10. O-O a5 11. Bb5 Na7 12. Be2 Nc6 13. Nd2 d5 14. exd5 Nxd5 15.
Nxd5 Bxd5 16. Bc4 Nb4 17. c3 Bxc4 18. Nxc4 Qc7 19. cxb4 Qxc4 20. bxa5 Rxa5 21.
b3 Qc3 22. Qc1 Qc8 23. Qxc8 Rxc8 24. Rfc1 Raa8 25. Rxc8+ Rxc8 26. Rc1 Rxc1+ 27.
Bxc1 f6 28. Kf2 Kf7 29. Ke3 Ke6 30. Kd3 Kd5 31. a4 Bb4 32. Bb2 f5 33. Kc2 g6
34. Bc3 Bd6 35. h3 e4 36. fxe4+ Kxe4 37. Kd2 g5 38. b4 f4 39. Ke2 h5 40. b5 g4
41. hxg4 hxg4 42. a5 f3+ 43. gxf3+ gxf3+ 44. Kf1 Kd3 45. a6 bxa6 46. bxa6 Bc5
1/2-1/2

[Event "2nd 4NCL Spring Bank Holiday Congress"]
[Site "Basingstoke"]
[Date "2019.05.27"]
[Round "6.15"]
[White "Neatherway, A Philip"]
[Black "Buanne, Luca"]
[Result "0-1"]
[WhiteElo "1813"]
[BlackElo "1536"]
[PlyCount "66"]
[EventDate "2019.05.24"]

1. Nf3 d5 2. b3 Nf6 3. Bb2 Bf5 4. e3 e6 5. Be2 Bd6 6. c4 c6 7. Nc3 Nbd7 8. Rc1
O-O 9. d4 h6 10. O-O a6 11. c5 Bc7 12. b4 Ne4 13. a4 Nxc3 14. Bxc3 Bg4 15. Ne5
Bxe2 16. Qxe2 Bxe5 17. dxe5 Qe7 18. Bd4 Rfb8 19. f4 f5 20. g4 g6 21. Kh1 Kh7
22. Rg1 Rg8 23. Rg3 Raf8 24. b5 axb5 25. axb5 Ra8 26. Rcg1 Nxc5 27. gxf5 gxf5
28. bxc6 bxc6 29. Rc1 Ne4 30. Rxg8 Rxg8 31. Rxc6 Qh4 32. Rc7+ Kh8 33. Rc1 Ng3+
0-1

[Event "2nd 4NCL Spring Bank Holiday Congress"]
[Site "Basingstoke"]
[Date "2019.05.27"]
[Round "6.16"]
[White "Jagadeesh, Balakrishnan"]
[Black "Turner, Sam"]
[Result "1-0"]
[WhiteElo "1712"]
[BlackElo "1652"]
[PlyCount "67"]
[EventDate "2019.05.24"]

1. d4 Nf6 2. g3 g6 3. Bg2 Bg7 4. c4 d5 5. Nc3 c6 6. Nf3 Bg4 7. O-O O-O 8. Ne5
Be6 9. Qb3 Qc7 10. Bf4 dxc4 11. Qc2 Qd8 12. Rfd1 Nd5 13. Nxd5 cxd5 14. Rac1 f6
15. Nxc4 dxc4 16. Bxb7 Nd7 17. d5 Bf7 18. e4 Rb8 19. Bxb8 Qxb8 20. Ba6 Ne5 21.
Bxc4 Nxc4 22. Qxc4 Qxb2 23. Qc7 Qxa2 24. Ra1 Qe2 25. Re1 Qd2 26. Qxa7 f5 27.
Rad1 Qc2 28. e5 e6 29. Rc1 Qd2 30. Red1 Qe2 31. d6 Qxe5 32. d7 Bf6 33. Rc8 Rd8
34. Qa8 1-0

[Event "2nd 4NCL Spring Bank Holiday Congress"]
[Site "Basingstoke"]
[Date "2019.05.27"]
[Round "6.17"]
[White "Kolani, Arjun"]
[Black "Redmond, Michael F"]
[Result "1-0"]
[WhiteElo "1671"]
[BlackElo "1686"]
[PlyCount "107"]
[EventDate "2019.05.24"]

1. e4 c6 2. c4 g6 3. d4 d6 4. Nc3 Bg7 5. Be3 Nd7 6. Qd2 h5 7. O-O-O Qa5 8. Kb1
a6 9. f4 Nh6 10. h3 b5 11. Nf3 bxc4 12. Bxc4 Nb6 13. Bb3 f5 14. e5 Nf7 15. d5
c5 16. Na4 Qxd2 17. Bxd2 Rb8 18. Nxb6 Rxb6 19. Ba5 Rb8 20. Ba4+ Kf8 21. Rhe1
Kg8 22. Rd2 g5 23. e6 Nh6 24. fxg5 Ng4 25. hxg4 hxg4 26. Ng1 Rh1 27. Red1 Bd4
28. Ne2 Rxd1+ 29. Bxd1 Be3 30. Rd3 Bxg5 31. g3 c4 32. Ra3 Bf6 33. Bc3 Kg7 34.
Bc2 Kg6 35. Bxf6 Kxf6 36. Nf4 Bb7 37. Rc3 Rh8 38. a3 Rh1+ 39. Ka2 Ke5 40. Rxc4
Rg1 41. Nd3+ Kf6 42. Nf4 Ke5 43. Rc3 Rf1 44. Ng6+ Kf6 45. Nxe7 Rf3 46. Rc7
Bxd5+ 47. Nxd5+ Kxe6 48. Bb3 Ke5 49. Rc3 Kd4 50. Nf4 a5 51. Ne6+ Ke5 52. Nf4
Kd4 53. Bd5 Rxf4 54. Rc4+ 1-0

[Event "2nd 4NCL Spring Bank Holiday Congress"]
[Site "Basingstoke"]
[Date "2019.05.27"]
[Round "6.18"]
[White "Zheng, Jerry Z"]
[Black "Usharovsky, Ron"]
[Result "1/2-1/2"]
[WhiteElo "1520"]
[BlackElo "1671"]
[PlyCount "131"]
[EventDate "2019.05.24"]

1. e4 c6 2. d4 d5 3. e5 Bf5 4. h4 h5 5. Bd3 Bxd3 6. Qxd3 e6 7. Bg5 Qb6 8. Nd2
c5 9. c3 Nc6 10. Ngf3 Rc8 11. O-O Be7 12. Be3 c4 13. Qc2 Qd8 14. Ng5 Nh6 15. g3
Nf5 16. Bf4 Bxg5 17. Bxg5 f6 18. exf6 gxf6 19. Bf4 Rg8 20. Kh2 Qd7 21. Rfe1 Kf8
22. Nf3 Re8 23. Qd2 Qg7 24. Rad1 Qg4 25. Qe2 Nd8 26. Nd2 Qxe2 27. Rxe2 Nc6 28.
Rde1 Kf7 29. Nf1 Ncxd4 30. cxd4 Nxd4 31. Re3 Nc2 32. Rc1 Nxe3 33. Bxe3 a6 34.
f4 Rc8 35. Bd4 Rge8 36. Re1 b5 37. a3 Rb8 38. Bc3 Red8 39. Rd1 Rd7 40. Ne3 Rbd8
41. Nc2 Kg6 42. Kh3 Re8 43. Re1 Rde7 44. Bb4 Ra7 45. Bc3 a5 46. Nd4 Rb7 47.
Bxa5 e5 48. fxe5 fxe5 49. Nf3 Rbe7 50. Bb4 Re6 51. Bc3 d4 52. Bb4 d3 53. Re4
Kf5 54. Nd2 Rg6 55. Bc3 Rg4 56. Re1 e4 57. Nf1 Ke6 58. Ne3 Rgg8 59. Bb4 Ke5 60.
Bc3+ Kd6 61. Bb4+ Kc6 62. Rf1 Rg6 63. Rf2 Rge6 64. Kh2 Rg8 65. Kh3 Rgg6 66. Bc3
1/2-1/2

[Event "2nd 4NCL Spring Bank Holiday Congress"]
[Site "Basingstoke"]
[Date "2019.05.27"]
[Round "6.19"]
[White "Shenbagakumar, Gautham"]
[Black "Nelson, Omowale A"]
[Result "0-1"]
[WhiteElo "1539"]
[BlackElo "1989"]
[PlyCount "92"]
[EventDate "2019.05.24"]

1. e4 c6 2. d4 d5 3. Nc3 dxe4 4. Nxe4 Bf5 5. Ng3 Bg6 6. h4 h6 7. h5 Bh7 8. Nf3
Nd7 9. Bd3 Bxd3 10. Qxd3 Ngf6 11. Bd2 e6 12. O-O-O Qc7 13. Kb1 O-O-O 14. c4 c5
15. Qc2 Kb8 16. Rh4 Bd6 17. Ne2 Ka8 18. dxc5 Bxc5 19. Ned4 Qb6 20. Bf4 Rhe8 21.
Bg3 a6 22. Rd3 Bf8 23. Rb3 Qa5 24. Nb5 e5 25. a3 Rc8 26. Nd2 Nc5 27. Rb4 axb5
28. Rxb5 Qc7 29. b4 Na6 30. Ra5 Kb8 31. Nf3 Nd7 32. Qa4 Nb6 33. Qb5 Nxc4 34.
Rh1 Nxa5 35. bxa5 f6 36. Nd4 Qc4 37. Qb6 Qc5 38. Qb2 Qxa3 39. Qb6 Qc3 40. Qb2
Qb4 41. Nb3 Nc5 42. Rh3 Na4 43. Bxe5+ Rxe5 44. Qa1 Re1+ 45. Ka2 Rc2+ 46. Qb2
Rxb2# 0-1

[Event "2nd 4NCL Spring Bank Holiday Congress"]
[Site "Basingstoke"]
[Date "2019.05.27"]
[Round "6.20"]
[White "Pal, Rohan"]
[Black "Aubury, Ben"]
[Result "0-1"]
[WhiteElo "1430"]
[BlackElo "1659"]
[PlyCount "98"]
[EventDate "2019.05.24"]

1. e4 c6 2. d4 d5 3. exd5 cxd5 4. Bd3 Nc6 5. c3 Nf6 6. Bf4 g6 7. Nf3 Bg7 8.
Nbd2 O-O 9. O-O Bf5 10. Qc2 e6 11. Bxf5 gxf5 12. Ne5 Nh5 13. Nd3 Nxf4 14. Nxf4
Qc7 15. Nd3 Nxd4 16. Qa4 Nc6 17. Qh4 Qe7 18. Qh5 Qf6 19. f4 Qg6 20. Qe2 d4 21.
c4 Qg4 22. Nf3 Rad8 23. Nc5 b6 24. Nd3 Kh8 25. Rad1 Rd7 26. h3 Qh5 27. Kh2 Re8
28. Nxd4 Qxe2 29. Nxe2 Red8 30. Nec1 Nb4 31. Nf2 Bxb2 32. Rxd7 Rxd7 33. Nb3
Nxa2 34. c5 Bf6 35. Kg3 Rc7 36. Nd3 bxc5 37. Ndxc5 a5 38. Na4 Rc4 39. Nbc5 Bd4
40. Rd1 Bxc5 41. Rd8+ Kg7 42. Nxc5 Rxc5 43. Ra8 Nb4 44. Ra7 Nc6 45. Ra6 Rc4 46.
Kf3 a4 47. Ke3 Nb4 48. Kd2 Nd5 49. Kd3 Nb4+ 0-1

[Event "2nd 4NCL Spring Bank Holiday Congress"]
[Site "Basingstoke"]
[Date "2019.05.27"]
[Round "6.21"]
[White "Chantrell, Paul"]
[Black "Zakarian, Dimitrios Levon"]
[Result "1/2-1/2"]
[WhiteElo "1620"]
[BlackElo "1594"]
[PlyCount "68"]
[EventDate "2019.05.24"]

1. e4 c5 2. Nf3 e6 3. d4 cxd4 4. Nxd4 a6 5. Be3 Qc7 6. Be2 Nf6 7. Qd3 Be7 8.
O-O O-O 9. c4 b6 10. f4 d6 11. Bf3 Bb7 12. e5 dxe5 13. fxe5 Nfd7 14. Bf4 Nc6
15. Nxc6 Bxc6 16. Nd2 Rfd8 17. Bxc6 Qxc6 18. Qe4 Rac8 19. Qxc6 Rxc6 20. Rfd1
Nc5 21. Bg3 Rc7 22. Nf3 Rcd7 23. Rxd7 Rxd7 24. Kf1 Ne4 25. Bf2 Nxf2 26. Kxf2 g5
27. g4 h6 28. b3 Ba3 29. Ke2 Kg7 30. Rd1 Rxd1 31. Kxd1 Bc5 32. Ke2 Kf8 33. Kd3
Ke7 34. Ke4 Kd7 1/2-1/2

[Event "2nd 4NCL Spring Bank Holiday Congress"]
[Site "Basingstoke"]
[Date "2019.05.27"]
[Round "6.22"]
[White "Mendis, Vidura"]
[Black "Sandhu, Manvith"]
[Result "1/2-1/2"]
[WhiteElo "1497"]
[BlackElo "1567"]
[PlyCount "70"]
[EventDate "2019.05.24"]

1. e4 Nc6 2. d4 d5 3. e5 Bf5 4. Nf3 e6 5. a3 f6 6. Bf4 Qd7 7. exf6 Nxf6 8. Bb5
Bd6 9. Bxd6 Qxd6 10. c3 O-O 11. O-O a6 12. Bxc6 bxc6 13. b4 a5 14. Nbd2 Nd7 15.
Re1 Bg4 16. h3 Bh5 17. Qe2 Rfe8 18. g4 Bg6 19. Nb3 axb4 20. axb4 Rxa1 21. Nxa1
Be4 22. Nb3 Bxf3 23. Qxf3 e5 24. Qe2 e4 25. Kg2 Qf4 26. Na5 Qf6 27. Nb3 Nf8 28.
Kg1 Ng6 29. Qe3 Nh4 30. Nd2 Ra8 31. Qg3 Ra2 32. g5 Qf5 33. Qxh4 Rxd2 34. Qg3
Rd3 35. Re3 Rxe3 1/2-1/2

[Event "2nd 4NCL Spring Bank Holiday Congress"]
[Site "Basingstoke"]
[Date "2019.05.26"]
[Round "5.1"]
[White "Fegan, Chris"]
[Black "Ireland, David J"]
[Result "1-0"]
[WhiteElo "2038"]
[BlackElo "1948"]
[PlyCount "53"]
[EventDate "2019.05.24"]

1. d4 Nf6 2. c4 c5 3. Nf3 cxd4 4. Nxd4 e5 5. Nf3 Nc6 6. g3 d5 7. Bg2 Bb4+ 8.
Bd2 e4 9. Nd4 Qb6 10. Nxc6 bxc6 11. O-O O-O 12. Nc3 Ba6 13. b3 e3 14. Bxe3 Qa5
15. Na4 dxc4 16. a3 Be7 17. Bxc6 Rfd8 18. Qb1 cxb3 19. Bxa8 Rxa8 20. Qxb3 Qh5
21. f3 Bxe2 22. Qb7 Re8 23. Rf2 Bc4 24. Bxa7 Bd5 25. Qb5 Bxa3 26. Rxa3 Re1+ 27.
Rf1 1-0

[Event "2nd 4NCL Spring Bank Holiday Congress"]
[Site "Basingstoke"]
[Date "2019.05.26"]
[Round "5.2"]
[White "Botlik, Bela"]
[Black "Brixel, Christof"]
[Result "1-0"]
[WhiteElo "2029"]
[BlackElo "1781"]
[PlyCount "63"]
[EventDate "2019.05.24"]

1. d4 Nf6 2. Nc3 d5 3. Bf4 e6 4. Nb5 Na6 5. a3 c6 6. Nc3 Bd6 7. e3 Bxf4 8. exf4
Nc7 9. Nf3 b6 10. b4 O-O 11. Bd3 Qd6 12. Ne2 Ba6 13. Ne5 c5 14. c3 Bxd3 15.
Qxd3 a5 16. bxc5 bxc5 17. O-O c4 18. Qc2 Rfb8 19. Rfb1 Nb5 20. Qa4 Nxa3 21.
Rxb8+ Rxb8 22. Qxa5 Nb1 23. Qa7 Qf8 24. g4 Rb2 25. g5 Rxe2 26. Rxb1 Ne8 27. Nd7
Qd6 28. Rb8 h5 29. Rxe8+ Kh7 30. Nf8+ Kg8 31. Nxe6+ Kh7 32. Qxf7 1-0

[Event "2nd 4NCL Spring Bank Holiday Congress"]
[Site "Basingstoke"]
[Date "2019.05.26"]
[Round "5.3"]
[White "Stock, Tobias W"]
[Black "Nandi, Robin J"]
[Result "1-0"]
[WhiteElo "1999"]
[BlackElo "1934"]
[PlyCount "87"]
[EventDate "2019.05.24"]

1. d4 Nf6 2. c4 e6 3. Nf3 d5 4. e3 Be7 5. b3 O-O 6. Bd3 c5 7. O-O Nc6 8. Bb2 b6
9. Nc3 Ba6 10. Ne5 Rc8 11. Nxc6 Rxc6 12. cxd5 Bxd3 13. dxc6 Bxf1 14. Qxf1 cxd4
15. Nb5 dxe3 16. fxe3 Qd2 17. Qc1 Qe2 18. Nd4 Qd3 19. Qc3 Qxc3 20. Bxc3 Nd5 21.
Bd2 Bc5 22. Kf2 Rc8 23. Rc1 Bxd4 24. exd4 Kf8 25. b4 b5 26. a4 a6 27. axb5 axb5
28. Rc5 Ke7 29. Rxb5 Rxc6 30. Rc5 Kd6 31. Ke2 f5 32. Kd3 Nf6 33. Bf4+ Kd7 34.
Rxc6 Kxc6 35. Kc4 Nd5 36. b5+ Kb6 37. Bg5 Kc7 38. Kc5 f4 39. b6+ Kb7 40. Kd6 h6
41. Kxe6 hxg5 42. Kxd5 Kxb6 43. h3 Kc7 44. Ke6 1-0

[Event "2nd 4NCL Spring Bank Holiday Congress"]
[Site "Basingstoke"]
[Date "2019.05.26"]
[Round "5.4"]
[White "Ratnesan, Radha"]
[Black "Gardiner, Eric D"]
[Result "1/2-1/2"]
[WhiteElo "1512"]
[BlackElo "1959"]
[PlyCount "53"]
[EventDate "2019.05.24"]

1. d4 d6 2. c4 e5 3. g3 exd4 4. Qxd4 Nc6 5. Qd2 g6 6. Bg2 Bg7 7. Nf3 Be6 8. Qc2
Nge7 9. Nbd2 O-O 10. O-O d5 11. Rb1 Bf5 12. e4 dxe4 13. Nxe4 Nb4 14. Qe2 Qd3
15. Qxd3 Nxd3 16. Nh4 Nxc1 17. Rfxc1 Rad8 18. Nxf5 Nxf5 19. b3 Rd4 20. Re1 Rfd8
21. Rbc1 b6 22. h3 Nd6 23. Nxd6 R4xd6 24. Re7 R6d7 25. Rce1 Kf8 26. Rxd7 Rxd7
27. Re2 1/2-1/2

[Event "2nd 4NCL Spring Bank Holiday Congress"]
[Site "Basingstoke"]
[Date "2019.05.26"]
[Round "5.5"]
[White "Shepley, Julien M"]
[Black "Xu, Edison"]
[Result "1/2-1/2"]
[WhiteElo "1947"]
[BlackElo "1764"]
[PlyCount "92"]
[EventDate "2019.05.24"]

1. d4 Nf6 2. Nc3 d5 3. Bf4 e6 4. Nb5 Na6 5. a4 c6 6. Na3 Bd6 7. Bxd6 Qxd6 8. c3
O-O 9. e3 e5 10. dxe5 Qxe5 11. Nf3 Qe7 12. h3 Nc5 13. Be2 Re8 14. O-O Bf5 15.
Re1 Nce4 16. Bf1 h6 17. c4 Rad8 18. cxd5 Nxd5 19. Qe2 Nc5 20. Qc4 Nb6 21. Qf4
Bd3 22. a5 Nd5 23. Qg4 Bxf1 24. Rxf1 Qc7 25. Nd4 Nf6 26. Qf3 Nce4 27. Nc4 b5
28. axb6 axb6 29. Rfd1 Ra8 30. Nf5 Rxa1 31. Rxa1 b5 32. Ncd6 Nxd6 33. Qg3 g6
34. Qxd6 Qxd6 35. Nxd6 Rd8 36. Nb7 Rd2 37. Ra6 Rxb2 38. Rxc6 Ne4 39. f3 Ng5 40.
Nd6 b4 41. Rc8+ Kg7 42. Rb8 b3 43. h4 Rb1+ 44. Kh2 Ne6 45. Rb7 Nd8 46. Rb6 Ne6
1/2-1/2

[Event "2nd 4NCL Spring Bank Holiday Congress"]
[Site "Basingstoke"]
[Date "2019.05.26"]
[Round "5.6"]
[White "Sommer, Martin C"]
[Black "Duda, Lucas"]
[Result "1/2-1/2"]
[WhiteElo "1985"]
[BlackElo "1823"]
[PlyCount "37"]
[EventDate "2019.05.24"]

1. d4 Nf6 2. Nf3 e6 3. e3 c5 4. c3 Nc6 5. Bd3 d5 6. Nbd2 Bd6 7. O-O O-O 8. e4
cxd4 9. cxd4 e5 10. exd5 Nxd4 11. Nxd4 exd4 12. Nf3 Bg4 13. Bg5 Be7 14. Bxf6
Bxf6 15. Be4 Qb6 16. Qd2 Rfe8 17. Rfe1 g6 18. h3 Bxf3 19. Bxf3 1/2-1/2

[Event "2nd 4NCL Spring Bank Holiday Congress"]
[Site "Basingstoke"]
[Date "2019.05.26"]
[Round "5.7"]
[White "Stephenson, David W"]
[Black "Krueger, Norbert"]
[Result "1-0"]
[WhiteElo "1805"]
[BlackElo "1983"]
[PlyCount "125"]
[EventDate "2019.05.24"]

1. d4 d5 2. Nc3 Nf6 3. e4 dxe4 4. f3 exf3 5. Nxf3 Bf5 6. Bc4 e6 7. O-O Be7 8.
Ne5 O-O 9. Be3 Nbd7 10. Qe2 c6 11. h3 Nb6 12. Bb3 Nbd5 13. g4 Bg6 14. h4 c5 15.
Nxg6 hxg6 16. Bf2 Qc7 17. Nxd5 exd5 18. c3 Bd6 19. g5 Rae8 20. Qf3 Ne4 21. Rad1
c4 22. Bc2 Qd7 23. Kg2 Qf5 24. Qxf5 gxf5 25. Be1 g6 26. b3 b5 27. a4 a6 28.
axb5 axb5 29. bxc4 bxc4 30. Ba4 Ra8 31. Bc6 Ra5 32. Rb1 Rb8 33. Rxb8+ Bxb8 34.
Kf3 Kg7 35. Rg1 f6 36. gxf6+ Nxf6 37. Rg2 Ra6 38. Bb5 Ra1 39. Bd2 Ra2 40. Bh6+
Kxh6 41. Rxa2 Ne4 42. Be8 Nxc3 43. Ra6 Ne4 44. Rxg6+ Kh7 45. Rb6 Bd6 46. Bd7
Kg6 47. Be8+ Kh6 48. Ba4 Kh5 49. Bc2 Kxh4 50. Bxe4 fxe4+ 51. Ke3 Bh2 52. Rh6+
Kg3 53. Rg6+ Kh3 54. Rg5 c3 55. Rxd5 Kg4 56. Kxe4 Bf4 57. Rc5 Bd2 58. Kd3 Kf4
59. Re5 Kg4 60. Re2 Kf5 61. d5 Bf4 62. Kxc3 Kf6 63. Rf2 1-0

[Event "2nd 4NCL Spring Bank Holiday Congress"]
[Site "Basingstoke"]
[Date "2019.05.26"]
[Round "5.8"]
[White "Nwachukwu, Chino"]
[Black "Cooper, Malcolm H"]
[Result "1-0"]
[WhiteElo "1865"]
[BlackElo "1925"]
[PlyCount "61"]
[EventDate "2019.05.24"]

1. e4 c5 2. Nf3 d6 3. d4 cxd4 4. Nxd4 Nf6 5. Nc3 g6 6. Be2 Bg7 7. Be3 O-O 8. g4
Nc6 9. h4 Bxg4 10. Bxg4 Nxg4 11. Qxg4 Nxd4 12. O-O-O Nc6 13. h5 Qc8 14. Qh4 Bf6
15. Bg5 Bxg5+ 16. Qxg5 Qe6 17. Qh6 g5 18. Qxg5+ Kh8 19. Qe3 Rg8 20. Nd5 Rac8
21. a3 Rg4 22. f3 Rg3 23. h6 Rcg8 24. Kb1 Qe5 25. Nf4 R8g5 26. Rd5 Qf6 27. Nh5
Rxh5 28. Rdxh5 Rxf3 29. Qg1 Ne5 30. Qxa7 Rf1+ 31. Ka2 1-0